Statistics for Pilot's Alphabet

Click here to take the quiz!

General Stats

  • This quiz has been taken 99 times
  • The average score is 22 of 26

Answer Stats

HintAnswer% Correct
AlAlpha
97%
X-RX-Ray
97%
BrBravo
95%
ChCharlie
93%
DeDelta
93%
EcEcho
90%
ZuZulu
90%
FoFoxtrot
88%
InIndia
88%
LiLima
85%
RoRomeo
85%
KiKilo
83%
NoNovember
83%
UnUniform
83%
WhWhiskey
83%
HoHotel
82%
JuJuliet
82%
MiMike
82%
QuQuebec
82%
TaTango
82%
ViVictor
82%
OsOscar
80%
GoGolf
78%
PaPapa
78%
SiSierra
78%
YaYankee
75%

Score Distribution

Percentile by Number Answered

Percent of People with Each Score

Your Score History

You have not taken this quiz